Statistics for All Modern-Day Countries Ever Controlled by Belgium

Click here to take the quiz!

General Stats

  • This quiz has been taken 34,595 times
  • The average score is 12 of 14

Answers on the Map

Answers color-coded by a green-red scale on the quiz's map according to % correct below.
 

Answer Stats

Countries% Correct
Germany
96%
Belgium
95%
D.R. Congo
95%
Netherlands
95%
Luxembourg
93%
France
87%
Rwanda
87%
Central African Republic
84%
Burundi
83%
Uganda
81%
South Sudan
78%
Italy
71%
Guatemala
60%
China
44%

Score Distribution

Percentile by Number Answered

Percent of People with Each Score

Your Score History

You have not taken this quiz